000 00524nam a2200193Ia 4500
003 GCL
008 140319s9999 xx 000 0 eng d
040 _aGCL /
_cGCL
082 0 4 _aCH
_b823
_bE L
100 1 _aBECKES, SHIRLEY
245 1 0 _aTHE LITTLE SCHOOL BUS THAT TALKED /
_cBECKES, SHIRLEY
700 1 _aELDRID, BRENDA MARTIN
260 _a[S.N] :
_bMC CLANAHAN BOOK COMPANY ،
_c1992
650 0 4 _aENGLISH LITERATURE
650 0 4 _aLITERATURE
650 0 4 _aENGLISH FICTION
650 0 4 _aFICTION
942 _2ddc
_cBK
999 _c14601
_d14601